Miestne referendum (vybrané problémy)
Analýza miestneho referenda ako formy priamej demokracie na úrovni obce. Špecifikácia jednotlivých foriem miestneho referenda v zmysle platnej právnej úpravy, definovanie subjektov oprávnených iniciovať a hlasovať v miestom referende.
Saved in:
| Main Author: | |
|---|---|
| Format: | Book Chapter |
| Language: | Slovak |
| Subjects: | |
| Tags: |
No Tags, Be the first to tag this record!
|
MARC
| LEADER | 00000naa a2200000 4500 | ||
|---|---|---|---|
| 001 | 0122682 | ||
| 005 | 20231102092616.2 | ||
| 041 | 0 | |a slo | |
| 044 | |a SK | ||
| 245 | 1 | 0 | |a Miestne referendum (vybrané problémy) |c Alena Krunková |
| 520 | |a Analýza miestneho referenda ako formy priamej demokracie na úrovni obce. Špecifikácia jednotlivých foriem miestneho referenda v zmysle platnej právnej úpravy, definovanie subjektov oprávnených iniciovať a hlasovať v miestom referende. | ||
| 610 | 2 | 0 | |a referendum |
| 610 | 2 | 0 | |a obce |
| 610 | 2 | 0 | |a úpravy právne |
| 610 | 2 | 0 | |a demografia |
| 100 | 1 | |a Krunková, Alena | |